00943nmm a2200265 a 4500003000900000005001700009008004100026040001300067100002300080245014300103260004700246300001100293500006900304600003400373610003200407650002900439650002700468650002600495650002200521650002900543650002900572650002000601651001400621700004200635AR-BaBNM20251128211059.0232020s1984 ||||||||||||||000 | spa|| cAR-BaBNM1 aNigro, Juan Carlos10aLa lucha de los maestrosbsemblanza histórica de la confederación de maestros y reseña biográfica de su fundador Luciano Schilling aLanúsbConfederación de Maestrosc19840 a166 p.0 aContiene en p. 147 el Estatuto de la Confederación de Maestros14aSchilling, Lucianod1874-194424aConfederación de Maestros 4aASOCIACIONES DE DOCENTES 4aSINDICATOS DE DOCENTES 4aBIENESTAR DEL DOCENTE 4aHISTORIA SINDICAL 4aHISTORIA DE LA EDUCACION 4aBIOGRAFIAS EDUCACIONALES 4aLUCHAS SOCIALES 4aArgentina1 aNigro, Marcela Evangelinaeilustrador